00723cam a22002537a 4500003000500000005001700005008004100022010001000063011001000073020001800083035001000101040000900111100001800120245007500138260003800213300001900251410004000270490002900310650002300339700001900362700001900381810004000400830002900440CHAP20220817043645.0000407d1998 uk a rf 00110 eng d a80767 a81739 a0 85198 918 7 a92216 cCHAP00aWaller, J. M.10aPlant clinic handbookc/by J.M. Waller, B.J. Ritchie and M. Holderness aOxon :bCAB International,c1998. a94 p. :bilus. aInternational Mycological Institute 0aTechnical handbooksv; 314aQuímica vegetal.0 aHolderness, M.0 aRitchie, B. J. aInternational Mycological Institute00aTechnical handbooksv; 3